[Event "84th ESP-ch 2019"]
[Site "Marbella"]
[Date "2019.11.16"]
[Round "1.20"]
[White "Munoz Suarez, Luis Alberto"]
[Black "Huerga Leache, Mikel"]
[Result "0-1"]
[WhiteElo "1944"]
[BlackElo "2456"]
[Annotator "ChessBase"]
[PlyCount "86"]
[EventDate "2019.11.16"]
[EventType "swiss"]
[EventCountry "ESP"]
[SourceTitle "playchess.com"]
[Source "ChessBase"]
[SourceQuality "1"]
[TimeControl "5400+30"]

1. e4 {[%emt 0:00:00]} e6 {[%emt 0:00:00]} 2. d4 {[%emt 0:00:00]} d5 {[%emt 0:00:00]} 3. e5 {[%emt 0:00:15]} c5 {[%emt 0:00:00]} 4. c3 {[%emt 0:00:07]} Qb6 {[%emt 0:00:51]} 5. Nf3 {[%emt 0:00:14]} Nc6 {[%emt 0:00:06]} 6. Be2 {[%emt 0:01:37]} cxd4 {[%emt 0:00:55]} 7. cxd4 {[%emt 0:00:15]} Nge7 {[%emt 0:00:06]} 8. Nc3 {[%emt 0:12:01]} Nf5 {[%emt 0:00:37]} 9. Na4 {[%emt 0:00:25]} Qa5+ {[%emt 0:01:38]} 10. Kf1 {[%emt 0:04:52]} Bd7 {[%emt 0:01:06]} 11. b3 {[%emt 0:06:50]} b5 {[%emt 0:04:05]} 12. Nc5 {[%emt 0:16:13]} Bxc5 {[%emt 0:08:13]} 13. dxc5 {[%emt 0:03:51]} b4 {[%emt 0:00:07]} 14. g4 {[%emt 0:03:47]} Nfe7 {[%emt 0:00:07]} 15. Be3 {[%emt 0:06:05]} h5 {[%emt 0:02:14]} 16. gxh5 {[%emt 0:02:46]} Rxh5 {[%emt 0:02:57]} 17. Ng5 {[%emt 0:03:56]} Rh4 {[%emt 0:00:25]} 18. Nf3 {[%emt 0:02:16]} Rh5 {[%emt 0:01:01]} 19. Ng5 {[%emt 0:01:11]} Rh8 {[%emt 0:00:07]} 20. f4 {[%emt 0:01:13]} Nf5 {[%emt 0:02:15]} 21. Bf2 {[%emt 0:00:22]} Nce7 {[%emt 0:06:15]} 22. Qd2 {[%emt 0:02:26]} Bb5 {[%emt 0:01:17]} 23. a4 {[%emt 0:00:29]} Bxe2+ {[%emt 0:01:29]} 24. Qxe2 {[%emt 0:01:39]} Qc7 {[%emt 0:05:34]} 25. Rc1 {[%emt 0:04:28]} Qc6 {[%emt 0:03:23]} 26. Qb5 {[%emt 0:05:20]} a6 {[%emt 0:01:37]} 27. Qxc6+ {[%emt 0:07:13]} Nxc6 {[%emt 0:00:02]} 28. Kg2 {[%emt 0:02:23]} Ke7 {[%emt 0:01:15]} 29. Nf3 {[%emt 0:00:28]} Rh6 {[%emt 0:00:38]} 30. Rhd1 {[%emt 0:01:37]} Rg6+ {[%emt 0:00:40]} 31. Kf1 {[%emt 0:00:27]} Rg4 {[%emt 0:00:27]} 32. h3 {[%emt 0:05:42]} Rxf4 {[%emt 0:00:33]} 33. Kg2 {[%emt 0:00:25]} Rh8 {[%emt 0:00:34]} 34. Rd3 {[%emt 0:01:05]} Re4 {[%emt 0:00:56]} 35. Re1 {[%emt 0:00:30]} Rh6 {[%emt 0:00:24]} 36. Rdd1 {[%emt 0:01:43]} Rf4 {[%emt 0:01:44]} 37. Nh2 {[%emt 0:02:57]} Rg6+ {[%emt 0:01:54]} 38. Ng4 {[%emt 0:00:28]} Nh6 {[%emt 0:00:27]} 39. Bg3 {[%emt 0:00:56]} Rf5 {[%emt 0:00:43]} 40. Nxh6 {[%emt 0:00:23]} gxh6 {[%emt 0:00:45]} 41. Rd3 {[%emt 0:00:16]} Nxe5 {[%emt 0:02:03]} 42. Rde3 {[%emt 0:01:06]} Nc6 {[%emt 0:00:21]} 43. Kh2 {[%emt 0:00:16]} Kd7 {[%emt 0:00:55]} 0-1

[Event "84th ESP-ch 2019"]
[Site "Marbella"]
[Date "2019.11.16"]
[Round "1.21"]
[White "Ladron De Guevara Pinto, Paolo"]
[Black "Juan Mas, Santiago"]
[Result "1-0"]
[WhiteElo "2442"]
[BlackElo "1930"]
[Annotator "NA"]
[PlyCount "41"]
[EventDate "2019.11.16"]
[EventType "swiss"]
[EventCountry "ESP"]
[SourceTitle "playchess.com"]
[Source "ChessBase"]
[SourceQuality "1"]
[TimeControl "5400+30"]

1. e4 {[%emt 0:00:00]} Nc6 {[%emt 0:00:00]} 2. d4 {[%emt 0:00:00]} d5 {[%emt 0:00:00]} 3. e5 {[%emt 0:00:20]} f6 {[%emt 0:00:00]} 4. f4 {[%emt 0:01:15]} Nh6 {[%emt 0:01:22]} 5. c3 {[%emt 0:01:23]} g6 {[%emt 0:02:52]} 6. Nf3 {[%emt 0:02:58]} Bg4 {[%emt 0:02:31]} 7. Bd3 {[%emt 0:13:19]} Bg7 {[%emt 0:02:40]} 8. O-O {[%emt 0:00:18]} O-O {[%emt 0:01:09]} 9. a4 {[%emt 0:11:07]} Qd7 {[%emt 0:07:31]} 10. a5 {[%emt 0:00:53]} a6 {[%emt 0:05:42]} 11. Nbd2 {[%emt 0:00:58]} fxe5 {[%emt 0:03:21]} 12. fxe5 {[%emt 0:01:10]} Nd8 {[%emt 0:03:50]} 13. Nb3 {[%emt 0:24:50]} Ne6 {[%emt 0:01:06]} 14. Be2 {[%emt 0:00:04]} c5 {[%emt 0:14:40]} 15. Nxc5 {[%emt 0:10:09]} Nxc5 {[%emt 0:00:29]} 16. dxc5 {[%emt 0:00:04]} Rad8 {[%emt 0:08:08]} 17. Re1 {[%emt 0:06:12]} Nf5 {[%emt 0:06:30]} 18. Nd4 {[%emt 0:03:13]} Bxe2 {[%emt 0:09:22]} 19. Qxe2 {[%emt 0:00:37]} Nxd4 {[%emt 0:00:27]} 20. cxd4 {[%emt 0:00:05]} Qf5 {[%emt 0:01:04]} 21. Ra3 {[%emt 0:00:34]} 1-0

[Event "84th ESP-ch 2019"]
[Site "Marbella"]
[Date "2019.11.16"]
[Round "1.22"]
[White "Castellanos Bogalo, Antonio"]
[Black "Valmana Canto, Jaime"]
[Result "0-1"]
[WhiteElo "1915"]
[BlackElo "2416"]
[Annotator "NA"]
[PlyCount "94"]
[EventDate "2019.11.16"]
[EventType "swiss"]
[EventCountry "ESP"]
[SourceTitle "playchess.com"]
[Source "ChessBase"]
[SourceQuality "1"]
[TimeControl "5400+30"]

1. e4 {[%emt 0:00:00]} c5 {[%emt 0:02:07]} 2. d4 {[%emt 0:00:00]} cxd4 {[%emt 0:00:03]} 3. c3 {[%emt 0:00:00]} Nf6 {[%emt 0:00:05]} 4. e5 {[%emt 0:00:05]} Nd5 {[%emt 0:00:06]} 5. Nf3 {[%emt 0:00:09]} Nc6 {[%emt 0:00:03]} 6. Bc4 {[%emt 0:00:06]} e6 {[%emt 0:00:27]} 7. O-O {[%emt 0:00:35]} Nb6 {[%emt 0:04:21]} 8. Bb3 {[%emt 0:00:23]} d6 {[%emt 0:00:14]} 9. exd6 {[%emt 0:01:13]} Bxd6 {[%emt 0:12:32]} 10. cxd4 {[%emt 0:04:20]} Ne7 {[%emt 0:04:52]} 11. Bg5 {[%emt 0:05:50]} Bd7 {[%emt 0:00:37]} 12. Nc3 {[%emt 0:03:52]} Bc6 {[%emt 0:01:40]} 13. Qe2 {[%emt 0:02:45]} O-O {[%emt 0:06:28]} 14. Rfe1 {[%emt 0:03:29]} h6 {[%emt 0:09:10]} 15. d5 {[%emt 0:05:17]} hxg5 {[%emt 0:00:22]} 16. dxc6 {[%emt 0:00:16]} Nxc6 {[%emt 0:00:09]} 17. Ne4 {[%emt 0:03:53]} Be7 {[%emt 0:00:39]} 18. Rad1 {[%emt 0:06:00]} Nd5 {[%emt 0:02:26]} 19. Ng3 {[%emt 0:08:50]} Nf4 {[%emt 0:16:06]} 20. Qe3 {[%emt 0:15:25]} Qb6 {[%emt 0:03:03]} 21. Ne4 {[%emt 0:13:07]} Qxe3 {[%emt 0:03:49]} 22. fxe3 {[%emt 0:03:35]} g4 {[%emt 0:00:34]} 23. exf4 {[%emt 0:11:13]} gxf3 {[%emt 0:00:10]} 24. Rd7 {[%emt 0:03:09]} fxg2 {[%emt 0:02:33]} 25. Rxb7 {[%emt 0:01:16]} Rab8 {[%emt 0:07:37]} 26. Rc7 {[%emt 0:02:44]} Nd4 {[%emt 0:04:09]} 27. Kxg2 {[%emt 0:00:08]} Bh4 {[%emt 0:05:50]} 28. Re3 {[%emt 0:01:36]} Nf5 {[%emt 0:00:02]} 29. Rd3 {[%emt 0:00:24]} Rb4 {[%emt 0:02:39]} 30. Rc4 {[%emt 0:00:55]} Rfb8 {[%emt 0:01:53]} 31. Nd2 {[%emt 0:02:27]} Bf6 {[%emt 0:01:38]} 32. Rxb4 {[%emt 0:01:16]} Rxb4 {[%emt 0:00:07]} 33. Nc4 {[%emt 0:00:17]} Nd4 {[%emt 0:00:19]} 34. Na5 {[%emt 0:01:28]} Nxb3 {[%emt 0:01:22]} 35. axb3 {[%emt 0:00:11]} Rxf4 {[%emt 0:01:28]} 36. Rd7 {[%emt 0:00:58]} Bd4 {[%emt 0:00:42]} 37. Kg3 {[%emt 0:00:41]} g5 {[%emt 0:00:41]} 38. Nc6 {[%emt 0:00:12]} Bf2+ {[%emt 0:00:16]} 39. Kg2 {[%emt 0:00:04]} Bb6 {[%emt 0:00:05]} 40. Ne5 {[%emt 0:00:29]} Kg7 {[%emt 0:01:53]} 41. Kg3 {[%emt 0:00:54]} Rf5 {[%emt 0:01:39]} 42. Nf3 {[%emt 0:00:19]} Rb5 {[%emt 0:00:40]} 43. Rd3 {[%emt 0:00:20]} Bc7+ {[%emt 0:00:21]} 44. Kg2 {[%emt 0:00:18]} Kg6 {[%emt 0:00:11]} 45. h3 {[%emt 0:00:17]} f5 {[%emt 0:01:15]} 46. Rc3 {[%emt 0:00:17]} Bb6 {[%emt 0:00:11]} 47. Nd2 {[%emt 0:01:09]} Ba5 {[%emt 0:00:21]} 0-1

[Event "84th ESP-ch 2019"]
[Site "Marbella"]
[Date "2019.11.16"]
[Round "1.23"]
[White "Garza Marco, Sergio"]
[Black "Perez Ramos, Juan Carlos"]
[Result "1-0"]
[WhiteElo "2400"]
[BlackElo "1888"]
[Annotator "NA"]
[PlyCount "67"]
[EventDate "2019.11.16"]
[EventType "swiss"]
[EventCountry "ESP"]
[SourceTitle "playchess.com"]
[Source "ChessBase"]
[SourceQuality "1"]
[TimeControl "5400+30"]

1. d4 {[%emt 0:00:00]} f5 {[%emt 0:00:00]} 2. g3 {[%emt 0:00:00]} Nf6 {[%emt 0:00:00]} 3. Bg2 {[%emt 0:00:09]} e6 {[%emt 0:00:00]} 4. c4 {[%emt 0:00:18]} d6 {[%emt 0:10:05]} 5. Nf3 {[%emt 0:00:31]} Be7 {[%emt 0:00:17]} 6. O-O {[%emt 0:00:05]} O-O {[%emt 0:00:06]} 7. Nc3 {[%emt 0:00:07]} Ne4 {[%emt 0:00:32]} 8. Nxe4 {[%emt 0:00:16]} fxe4 {[%emt 0:00:07]} 9. Nd2 {[%emt 0:00:02]} d5 {[%emt 0:00:25]} 10. f3 {[%emt 0:00:15]} exf3 {[%emt 0:02:14]} 11. Nxf3 {[%emt 0:00:11]} c5 {[%emt 0:01:14]} 12. Be3 {[%emt 0:00:27]} dxc4 {[%emt 0:03:25]} 13. dxc5 {[%emt 0:18:15]} Na6 {[%emt 0:03:52]} 14. Rc1 {[%emt 0:06:25]} Bxc5 {[%emt 0:10:25]} 15. Bxc5 {[%emt 0:00:07]} Nxc5 {[%emt 0:00:07]} 16. Rxc4 {[%emt 0:05:48]} Qxd1 {[%emt 0:04:13]} 17. Rxd1 {[%emt 0:00:04]} b6 {[%emt 0:01:04]} 18. Rd6 {[%emt 0:00:31]} Ba6 {[%emt 0:00:58]} 19. Rxc5 {[%emt 0:00:10]} bxc5 {[%emt 0:00:24]} 20. Rxa6 {[%emt 0:00:07]} Rad8 {[%emt 0:02:53]} 21. Rxa7 {[%emt 0:02:22]} Ra8 {[%emt 0:02:16]} 22. Rb7 {[%emt 0:09:45]} Rxa2 {[%emt 0:00:09]} 23. Bh3 {[%emt 0:00:09]} Re8 {[%emt 0:09:30]} 24. Rb6 {[%emt 0:02:28]} Ra1+ {[%emt 0:00:39]} 25. Kf2 {[%emt 0:00:41]} e5 {[%emt 0:00:11]} 26. Be6+ {[%emt 0:00:12]} Kf8 {[%emt 0:01:22]} 27. Nxe5 {[%emt 0:00:08]} Rc1 {[%emt 0:02:24]} 28. b3 {[%emt 0:03:54]} Ke7 {[%emt 0:03:57]} 29. Bd5 {[%emt 0:04:41]} Kf8 {[%emt 0:02:19]} 30. Nf3 {[%emt 0:01:54]} g5 {[%emt 0:03:26]} 31. Nxg5 {[%emt 0:01:04]} Re5 {[%emt 0:00:25]} 32. Ne6+ {[%emt 0:02:31]} Ke7 {[%emt 0:03:49]} 33. Nf4 {[%emt 0:00:06]} h5 {[%emt 0:02:54]} 34. Ng6+ {[%emt 0:00:05]} 1-0

[Event "84th ESP-ch 2019"]
[Site "Marbella"]
[Date "2019.11.16"]
[Round "1.24"]
[White "Ruiz Buendia, Miguel"]
[Black "Merario Alarcon, Andres"]
[Result "0-1"]
[WhiteElo "1875"]
[BlackElo "2394"]
[Annotator "NA"]
[PlyCount "64"]
[EventDate "2019.11.16"]
[EventType "swiss"]
[EventCountry "ESP"]
[SourceTitle "playchess.com"]
[Source "ChessBase"]
[SourceQuality "1"]
[TimeControl "5400+30"]

1. e4 {[%emt 0:00:00]} c5 {[%emt 0:00:00]} 2. Nf3 {[%emt 0:00:00]} d6 {[%emt 0:00:00]} 3. d4 {[%emt 0:00:00]} cxd4 {[%emt 0:00:03]} 4. Qxd4 {[%emt 0:00:00]} Nc6 {[%emt 0:00:13]} 5. Bb5 {[%emt 0:00:02]} a6 {[%emt 0:00:17]} 6. Bxc6+ {[%emt 0:00:12]} bxc6 {[%emt 0:00:06]} 7. c4 {[%emt 0:00:30]} e5 {[%emt 0:00:13]} 8. Qd3 {[%emt 0:00:23]} Ne7 {[%emt 0:00:40]} 9. Nc3 {[%emt 0:00:36]} Ng6 {[%emt 0:00:13]} 10. b3 {[%emt 0:02:55]} Be7 {[%emt 0:00:37]} 11. h3 {[%emt 0:01:19]} O-O {[%emt 0:00:53]} 12. O-O {[%emt 0:00:23]} Be6 {[%emt 0:02:55]} 13. Be3 {[%emt 0:02:00]} h6 {[%emt 0:08:17]} 14. Rfd1 {[%emt 0:00:23]} Qe8 {[%emt 0:00:37]} 15. Rd2 {[%emt 0:01:49]} f5 {[%emt 0:02:02]} 16. exf5 {[%emt 0:04:08]} Bxf5 {[%emt 0:00:42]} 17. Qe2 {[%emt 0:01:31]} Qf7 {[%emt 0:01:01]} 18. Nh2 {[%emt 0:03:56]} Rad8 {[%emt 0:07:34]} 19. Rad1 {[%emt 0:01:22]} Nh4 {[%emt 0:02:52]} 20. Bb6 {[%emt 0:02:38]} Qg6 {[%emt 0:04:29]} 21. g4 {[%emt 0:02:15]} Rd7 {[%emt 0:11:34]} 22. c5 {[%emt 0:05:38]} d5 {[%emt 0:00:59]} 23. Qxe5 {[%emt 0:01:50]} Bc2 {[%emt 0:06:11]} 24. Re1 {[%emt 0:11:03]} Bg5 {[%emt 0:01:01]} 25. Rde2 {[%emt 0:06:51]} Rdf7 {[%emt 0:08:54]} 26. Nd1 {[%emt 0:07:34]} Bf4 {[%emt 0:03:05]} 27. Qc3 {[%emt 0:03:11]} Bxh2+ {[%emt 0:00:50]} 28. Kxh2 {[%emt 0:00:19]} Nf3+ {[%emt 0:00:24]} 29. Kg3 {[%emt 0:02:40]} Nxe1 {[%emt 0:00:16]} 30. Qxe1 {[%emt 0:00:34]} Qd3+ {[%emt 0:05:38]} 31. Ne3 {[%emt 0:01:44]} d4 {[%emt 0:00:24]} 32. Rd2 {[%emt 0:00:41]} dxe3 {[%emt 0:00:38]} 0-1

[Event "84th ESP-ch 2019"]
[Site "Marbella"]
[Date "2019.11.16"]
[Round "1.25"]
[White "Suarez Uriel, Adrian"]
[Black "Moreno Latorre, Fco Jose"]
[Result "1-0"]
[WhiteElo "2389"]
[BlackElo "1875"]
[Annotator "NA"]
[PlyCount "73"]
[EventDate "2019.11.16"]
[EventType "swiss"]
[EventCountry "ESP"]
[SourceTitle "playchess.com"]
[Source "ChessBase"]
[SourceQuality "1"]
[TimeControl "5400+30"]

1. e4 {[%emt 0:00:00]} c5 {[%emt 0:00:00]} 2. Nf3 {[%emt 0:00:00]} e6 {[%emt 0:00:00]} 3. d4 {[%emt 0:00:00]} cxd4 {[%emt 0:00:00]} 4. Nxd4 {[%emt 0:00:00]} a6 {[%emt 0:00:01]} 5. Bd3 {[%emt 0:00:00]} Qc7 {[%emt 0:00:38]} 6. Qe2 {[%emt 0:00:19]} d6 {[%emt 0:08:38]} 7. O-O {[%emt 0:00:40]} Nf6 {[%emt 0:00:14]} 8. c4 {[%emt 0:00:19]} Be7 {[%emt 0:01:21]} 9. Nc3 {[%emt 0:00:06]} O-O {[%emt 0:00:45]} 10. Be3 {[%emt 0:00:09]} Nbd7 {[%emt 0:00:35]} 11. Rac1 {[%emt 0:00:27]} b6 {[%emt 0:00:57]} 12. f4 {[%emt 0:03:05]} Bb7 {[%emt 0:00:15]} 13. b4 {[%emt 0:02:09]} Rac8 {[%emt 0:00:39]} 14. a3 {[%emt 0:01:08]} Qb8 {[%emt 0:14:12]} 15. Bf2 {[%emt 0:03:26]} Rfe8 {[%emt 0:04:32]} 16. g4 Nf8 {[%emt 0:16:17]} 17. g5 {[%emt 0:16:05]} N6d7 {[%emt 0:04:35]} 18. Bg3 {[%emt 0:12:10]} Qa8 {[%emt 0:06:14]} 19. h4 {[%emt 0:19:18]} a5 {[%emt 0:08:22]} 20. Ncb5 {[%emt 0:01:03]} Qb8 {[%emt 0:18:34]} 21. Qf2 {[%emt 0:07:23]} d5 22. cxd5 {[%emt 0:00:02]} Rxc1 {[%emt 0:02:12]} 23. Rxc1 {[%emt 0:01:58]} exd5 {[%emt 0:01:17]} 24. exd5 {[%emt 0:00:51]} Bxd5 {[%emt 0:00:50]} 25. Nc7 {[%emt 0:01:00]} Rc8 {[%emt 0:04:49]} 26. f5 {[%emt 0:00:30]} axb4 {[%emt 0:04:06]} 27. Kh2 {[%emt 0:07:17]} Bb7 {[%emt 0:00:45]} 28. f6 {[%emt 0:02:24]} Bc5 {[%emt 0:02:13]} 29. axb4 {[%emt 0:00:04]} Rxc7 {[%emt 0:00:40]} 30. bxc5 Nxc5 31. Rxc5 {[%emt 0:06:03]} bxc5 {[%emt 0:00:31]} 32. Nb5 {[%emt 0:01:04]} Ne6 {[%emt 0:01:12]} 33. Nxc7 {[%emt 0:01:45]} Nd4 34. Ne6 {[%emt 0:00:03]} Qc8 {[%emt 0:01:04]} 35. Nxd4 {[%emt 0:00:34]} cxd4 {[%emt 0:00:31]} 36. Qxd4 {[%emt 0:01:00]} Qe8 37. Qe5 1-0

[Event "84th ESP-ch 2019"]
[Site "Marbella"]
[Date "2019.11.16"]
[Round "1.26"]
[White "Serrano Garcia, Luis"]
[Black "Vega Gutierrez, Sabrina"]
[Result "0-1"]
[WhiteElo "1866"]
[BlackElo "2374"]
[Annotator "NA"]
[PlyCount "60"]
[EventDate "2019.11.16"]
[EventType "swiss"]
[EventCountry "ESP"]
[SourceTitle "playchess.com"]
[Source "ChessBase"]
[SourceQuality "1"]
[TimeControl "5400+30"]

1. e4 {[%emt 0:00:00]} c5 {[%emt 0:00:00]} 2. Nf3 {[%emt 0:00:00]} e6 {[%emt 0:01:24]} 3. d4 {[%emt 0:01:01]} cxd4 {[%emt 0:00:08]} 4. Nxd4 {[%emt 0:00:11]} Nc6 {[%emt 0:02:40]} 5. Be3 {[%emt 0:03:25]} Nf6 {[%emt 0:00:38]} 6. Nd2 {[%emt 0:04:58]} Qc7 {[%emt 0:07:12]} 7. c3 {[%emt 0:19:14]} d5 {[%emt 0:03:18]} 8. Nxc6 {[%emt 0:17:34]} bxc6 {[%emt 0:00:32]} 9. Bd3 {[%emt 0:01:23]} Bd6 {[%emt 0:03:19]} 10. h3 {[%emt 0:11:02]} O-O {[%emt 0:01:44]} 11. O-O {[%emt 0:01:17]} dxe4 {[%emt 0:04:17]} 12. Nxe4 {[%emt 0:02:20]} Nxe4 {[%emt 0:00:27]} 13. Bxe4 {[%emt 0:00:17]} f5 {[%emt 0:00:20]} 14. Bc2 {[%emt 0:07:55]} Ba6 {[%emt 0:10:29]} 15. Re1 {[%emt 0:06:40]} e5 {[%emt 0:21:16]} 16. f3 {[%emt 0:06:48]} Rad8 {[%emt 0:01:21]} 17. Bd3 {[%emt 0:02:03]} Bc8 {[%emt 0:04:36]} 18. Qc2 {[%emt 0:02:01]} e4 {[%emt 0:10:05]} 19. fxe4 {[%emt 0:05:49]} f4 {[%emt 0:00:30]} 20. e5 {[%emt 0:01:57]} Bxe5 {[%emt 0:06:00]} 21. Bc5 {[%emt 0:00:28]} Bd6 {[%emt 0:06:25]} 22. Bxh7+ {[%emt 0:01:47]} Kh8 {[%emt 0:00:02]} 23. Bxd6 {[%emt 0:00:38]} Rxd6 {[%emt 0:00:06]} 24. Be4 {[%emt 0:00:20]} f3 {[%emt 0:00:17]} 25. Bxf3 {[%emt 0:00:52]} Rdf6 {[%emt 0:03:51]} 26. Qa4 {[%emt 0:02:14]} Qg3 {[%emt 0:01:21]} 27. Re4 {[%emt 0:00:44]} Rxf3 {[%emt 0:01:10]} 28. Rh4+ {[%emt 0:00:27]} Kg8 {[%emt 0:00:07]} 29. Qc4+ {[%emt 0:00:16]} R3f7 {[%emt 0:00:34]} 30. Rf1 {[%emt 0:00:21]} Be6 {[%emt 0:06:13]} 0-1

[Event "84th ESP-ch 2019"]
[Site "Marbella"]
[Date "2019.11.16"]
[Round "1.27"]
[White "Serarols Mabras, Bernat"]
[Black "Hernando Rodrigo, Inmaculada"]
[Result "1-0"]
[WhiteElo "2367"]
[BlackElo "1863"]
[Annotator "NA"]
[PlyCount "51"]
[EventDate "2019.11.16"]
[EventType "swiss"]
[EventCountry "ESP"]
[SourceTitle "playchess.com"]
[Source "ChessBase"]
[SourceQuality "1"]
[TimeControl "5400+30"]

1. d4 {[%emt 0:03:10]} Nf6 {[%emt 0:00:00]} 2. c4 {[%emt 0:00:02]} e6 {[%emt 0:00:00]} 3. Nf3 {[%emt 0:00:40]} d5 {[%emt 0:00:00]} 4. Nc3 {[%emt 0:00:23]} Be7 {[%emt 0:00:30]} 5. cxd5 {[%emt 0:00:59]} exd5 {[%emt 0:00:14]} 6. Bg5 {[%emt 0:00:23]} h6 {[%emt 0:01:02]} 7. Bh4 {[%emt 0:00:50]} O-O {[%emt 0:00:48]} 8. Qc2 {[%emt 0:00:16]} c6 {[%emt 0:02:04]} 9. e3 {[%emt 0:00:06]} Be6 {[%emt 0:12:11]} 10. Bd3 {[%emt 0:02:20]} Nbd7 {[%emt 0:00:25]} 11. O-O {[%emt 0:00:14]} Rc8 {[%emt 0:00:49]} 12. Rac1 {[%emt 0:15:07]} Re8 {[%emt 0:02:28]} 13. Rfd1 {[%emt 0:01:21]} Bg4 {[%emt 0:02:35]} 14. Bg3 {[%emt 0:06:28]} Bxf3 {[%emt 0:07:50]} 15. gxf3 {[%emt 0:00:51]} Bf8 {[%emt 0:07:20]} 16. Bf5 {[%emt 0:07:51]} Nh5 {[%emt 0:11:17]} 17. Nxd5 {[%emt 0:13:32]} Nxg3 {[%emt 0:05:30]} 18. hxg3 {[%emt 0:00:24]} cxd5 {[%emt 0:05:22]} 19. Qxc8 {[%emt 0:00:34]} Qxc8 {[%emt 0:00:12]} 20. Rxc8 {[%emt 0:00:03]} Rxc8 {[%emt 0:00:06]} 21. Bxd7 {[%emt 0:00:03]} Rc2 {[%emt 0:00:54]} 22. Rb1 {[%emt 0:07:30]} Rc7 {[%emt 0:07:01]} 23. Ba4 {[%emt 0:00:41]} g6 {[%emt 0:03:37]} 24. Bb3 {[%emt 0:00:38]} Rd7 {[%emt 0:00:18]} 25. Rc1 {[%emt 0:00:06]} Kg7 {[%emt 0:00:15]} 26. Ba4 {[%emt 0:02:04]} 1-0

[Event "84th ESP-ch 2019"]
[Site "Marbella"]
[Date "2019.11.16"]
[Round "1.28"]
[White "Garcia-Blazquez Perez, Manuel"]
[Black "Bernabeu Lopez, Carlos Javier"]
[Result "0-1"]
[WhiteElo "1856"]
[BlackElo "2366"]
[Annotator "NA"]
[PlyCount "46"]
[EventDate "2019.11.16"]
[EventType "swiss"]
[EventCountry "ESP"]
[SourceTitle "playchess.com"]
[Source "ChessBase"]
[SourceQuality "1"]
[TimeControl "5400+30"]

1. e4 {[%emt 0:00:00]} e5 {[%emt 0:00:00]} 2. Nf3 {[%emt 0:00:00]} Nc6 {[%emt 0:00:00]} 3. d4 {[%emt 0:00:00]} exd4 {[%emt 0:00:00]} 4. Nxd4 {[%emt 0:00:03]} Nf6 {[%emt 0:00:00]} 5. Nxc6 {[%emt 0:00:06]} bxc6 {[%emt 0:00:00]} 6. Bd3 {[%emt 0:00:07]} Bd6 {[%emt 0:01:22]} 7. Bg5 {[%emt 0:07:21]} Qe7 {[%emt 0:07:15]} 8. Nd2 {[%emt 0:10:24]} h6 {[%emt 0:04:06]} 9. Bh4 {[%emt 0:00:49]} Rb8 {[%emt 0:03:11]} 10. O-O {[%emt 0:09:21]} g5 {[%emt 0:01:49]} 11. Bg3 {[%emt 0:00:11]} Bxg3 {[%emt 0:01:17]} 12. fxg3 {[%emt 0:02:34]} d6 {[%emt 0:01:31]} 13. Qf3 {[%emt 0:00:18]} Ng4 {[%emt 0:01:56]} 14. Nc4 {[%emt 0:01:07]} Be6 {[%emt 0:01:55]} 15. h3 {[%emt 0:11:03]} Bxc4 {[%emt 0:02:28]} 16. Qxg4 {[%emt 0:01:04]} Be6 {[%emt 0:01:38]} 17. Qh5 {[%emt 0:01:22]} Rxb2 {[%emt 0:01:08]} 18. Rab1 {[%emt 0:00:18]} Rxb1 {[%emt 0:02:43]} 19. Rxb1 {[%emt 0:00:02]} Qf6 {[%emt 0:01:18]} 20. a4 {[%emt 0:03:16]} Kd7 {[%emt 0:02:38]} 21. a5 {[%emt 0:00:15]} Qe5 {[%emt 0:00:40]} 22. a6 {[%emt 0:01:43]} Qxg3 {[%emt 0:00:38]} 23. Rf1 {[%emt 0:04:50]} Ke7 {[%emt 0:00:27]} 0-1

[Event "84th ESP-ch 2019"]
[Site "Marbella"]
[Date "2019.11.16"]
[Round "1.29"]
[White "Garcia Ramos, Daniel"]
[Black "Maldonado Mena, German"]
[Result "1-0"]
[WhiteElo "2350"]
[BlackElo "1840"]
[Annotator "NA"]
[PlyCount "63"]
[EventDate "2019.11.16"]
[EventType "swiss"]
[EventCountry "ESP"]
[SourceTitle "playchess.com"]
[Source "ChessBase"]
[SourceQuality "1"]
[TimeControl "5400+30"]

1. e4 {[%emt 0:00:00]} e5 {[%emt 0:00:00]} 2. Nf3 {[%emt 0:00:00]} Nc6 {[%emt 0:00:00]} 3. Bc4 {[%emt 0:00:00]} Nf6 {[%emt 0:00:00]} 4. d3 {[%emt 0:00:31]} Bc5 {[%emt 0:00:12]} 5. O-O {[%emt 0:00:22]} d6 {[%emt 0:00:16]} 6. c3 {[%emt 0:00:42]} h6 {[%emt 0:00:28]} 7. b4 {[%emt 0:10:31]} Bb6 {[%emt 0:00:17]} 8. a4 {[%emt 0:00:31]} a5 {[%emt 0:00:19]} 9. Be3 {[%emt 0:04:02]} Bxe3 {[%emt 0:01:38]} 10. fxe3 {[%emt 0:00:05]} axb4 {[%emt 0:02:25]} 11. cxb4 {[%emt 0:00:38]} Be6 {[%emt 0:01:23]} 12. Bxe6 {[%emt 0:13:32]} fxe6 {[%emt 0:00:13]} 13. Qb3 {[%emt 0:00:24]} Qd7 {[%emt 0:03:05]} 14. Nc3 {[%emt 0:01:23]} O-O 15. Rad1 Kh7 {[%emt 0:08:18]} 16. d4 {[%emt 0:03:18]} Ng4 {[%emt 0:06:58]} 17. Nb5 {[%emt 0:15:05]} Qe7 {[%emt 0:04:16]} 18. h3 {[%emt 0:01:37]} Nf6 {[%emt 0:00:09]} 19. Nc3 {[%emt 0:00:30]} d5 {[%emt 0:05:32]} 20. b5 {[%emt 0:10:41]} Na5 {[%emt 0:02:29]} 21. Qb1 {[%emt 0:03:07]} Nc4 {[%emt 0:00:51]} 22. dxe5 {[%emt 0:02:19]} Qc5 {[%emt 0:01:37]} 23. exd5+ {[%emt 0:05:24]} Kg8 {[%emt 0:01:41]} 24. exf6 {[%emt 0:01:07]} Nxe3 {[%emt 0:07:41]} 25. Ne4 {[%emt 0:04:38]} Qb6 {[%emt 0:00:46]} 26. Kh1 {[%emt 0:01:04]} Nxf1 {[%emt 0:00:48]} 27. Rxf1 {[%emt 0:00:18]} exd5 {[%emt 0:01:17]} 28. Neg5 {[%emt 0:01:18]} hxg5 {[%emt 0:01:27]} 29. Nxg5 {[%emt 0:00:16]} Rxf6 {[%emt 0:01:46]} 30. Qh7+ {[%emt 0:00:08]} Kf8 {[%emt 0:00:24]} 31. Qh8+ {[%emt 0:00:04]} Ke7 {[%emt 0:00:11]} 32. Qxg7+ {[%emt 0:00:06]} 1-0